Immortelle Egypte /

محفوظ في:

المؤلف الرئيسي: Omlin, Joseph A. (مؤلف)

التنسيق: كتاب

اللغة: French

منشور في: Vevey : Nestlé Peter Cailler Kohle, 1966.

الموضوعات:

الوسوم: إضافة وسم

لا توجد وسوم, كن أول من يضع وسما على هذه التسجيلة!

رقم الطلب: DT46 .O6513 1966

LEADER 00584namaa2200205 4500
003 OSt
005 20260324063340.0
008 130303s1966 sz a 000 0 fre d
040 |c ARCE Library 
043 |a f-ua--- 
050 4 |a DT46 .O6513 1966 
100 1 |a Omlin, Joseph A.   |e author 
245 1 0 |a Immortelle Egypte /  |c Joseph A. Omlin. 
264 1 |a Vevey :  |b Nestlé Peter Cailler Kohle,  |c 1966. 
300 |a 139 pages :  |b colour illustrations ;  |c 30 cm. 
650 0 |a Art and archaeology  |z Egypt. 
651 0 |a Egypt  |x Civilization. 
901 |a reviewed 
942 |c BK  |2 lcc 
999 |c 1396  |d 1396